| 000 | 00399nam a2200157Ia 4500 | ||
|---|---|---|---|
| 008 | 210210b1978 xxu||||| |||| 00| 0 eng d | ||
| 082 | _a597.9 WHIE | ||
| 100 | _aWHITAKER (Romulus) | ||
| 245 | _aEndangered reptiles of India. | ||
| 260 |
_aMadras _bMadras Snake Park _c1978 |
||
| 300 | _a20 | ||
| 650 | _aEndangered reptiles | ||
| 690 | _aReptilia | ||
| 700 | _aWHITAKER (Zahi). | ||
| 906 | _a033552 | ||
| 999 |
_c84760 _d84760 |
||